000 00564nam a22001817a 4500
005 20251108170912.0
008 250721s1996 xx 000 0 ara d
082 1 4 _aط/646.36/روا
100 1 _aالرواجبة، عايدة أحمد
245 1 0 _a55 طريقة لعمل ملابس و أمتعة ولعب الأطفال /
264 1 _aعمان :
_bدار الإسراء للنشر،
_c1996.
300 _a96ص
490 0 _aلك سيدتي ، 9
650 1 7 _aالملابس
650 1 7 _aملابس الأطفال
942 _2ddc
_cBK
999 _c51716
_d51716